00965nam a22002417a 45000010005000000030006000050050017000110080041000280200018000690400029000870820008001161000021001242450059001452500035002042600038002393000050002775050008003275200284003355210029006195210020006486500021006687000034006897549FISKH20250723161656.0250723b cb ||||| |||| 00| 0 eng d a9780545797528 aFISKHbengcFISKHdFISKH a314 aGlass, Calliope  aAnnie : bA true family / cAdapted by Calliope Glass  aFirst printing , November 2014 aNew York : bScholastic , c2014. a32 pages : bcolor illustrations ; c23 cm .  aJ  a"Annie is a foster child whose life is about to turn upside down! A New York City billionaire named Will Stacks has agreed to take in Annie and her dog, Sandy, during his campaign for mayor. Will staying with Mr. Stacks help Annie finally find her true family?" -- On back cover.8 a500 bLexile estimate 8 aJ bRaz-Plus  aFamily vFiction aMeehan, Thomas eIllustrator